Duševné vlastníctvo a jeho hlavné nástroje ochrany diplomová práca

Saved in:
Bibliographic Details
Main Author: Bujnová, Romana
Corporate Author: Obchodná fakulta EU. Katedra tovaroznalectva a kvality tovaru
Other Authors: Dudeková, Alena, 1986-
Format: Book
Language:Slovak
Published: Bratislava 2015
Tags: Add Tag
No Tags, Be the first to tag this record!

MARC

LEADER 00000nbm a2200000 4500
001 0201485
005 20161212104240.1
041 0 |a slo 
044 |a SK 
245 1 0 |a Duševné vlastníctvo a jeho hlavné nástroje ochrany  |b diplomová práca  |c Romana Bujnová ; školiteľ: Alena Dudeková 
264 1 |a Bratislava  |c 2015 
300 |a 60 s. 
100 1 |a Bujnová, Romana 
700 1 |a Dudeková, Alena, 1986- 
710 2 |a Obchodná fakulta EU. Katedra tovaroznalectva a kvality tovaru